| 000 | 00515nam a22001697a 4500 | ||
|---|---|---|---|
| 003 | OSt | ||
| 005 | 20260424035010.0 | ||
| 008 | 260424b |||||||| |||| 00| 0 eng d | ||
| 020 | _a978-971-06-3337-1 | ||
| 040 |
_aDWCL Main Lib. _cOC |
||
| 082 | _aFil. 500 Y67 2013 | ||
| 245 |
_aYou and the natural world science : _bactivity manual 8 / |
||
| 260 |
_aQuezon City : _bPhoenix Publishing House, _cc2013. |
||
| 300 |
_axvii, 191 pages : _billustrations ; _c28 cm. |
||
| 650 | _a1. Science. | ||
| 942 |
_2ddc _cBK-FIL _n0 |
||
| 999 |
_c9841 _d9841 |
||